Países con Banderas más Blancas - Estadísticas

Estadísticas generales
  • Esta prueba ha sido intentada 147 veces
  • La puntuación promedio es 8 de 15
Estadísticas de respuestas
% Países % Correcto
89.7% Chipre
86%
81.0% Japón
80%
50.0% Indonesia
69%
50.0% Polonia
69%
50.0% Mónaco
68%
78.4% Corea del Sur
59%
60.6% Finlandia
44%
47.4% Malta
44%
58.1% Uruguay
42%
45.5% Grecia
41%
47.6% Argelia
38%
52.7% Singapur
33%
64.1% Georgia
31%
63.9% Israel
30%
47.6% Panamá
30%
No se encontraron pruebas coincidentes
Distribución de puntuación
Porcentaje de gente con cada puntuación
Porcentaje por número respondido
Historial de tus puntuaciones
No has intentado esta prueba.